Journal of environmental economics and management <the> official journal of the Association of Environmental and Resource Economists

Saved in:
Bibliographic Details
Format: Serial
Language:English
Published: Orlando Academic Press 1997
Subjects:
Tags: Add Tag
No Tags, Be the first to tag this record!

MARC

LEADER 00000nas2a2200000 4500
001 s121774
005 20231103122518.4
020 |a 0095-0696 
022 |a 0095-0696 
041 0 |a eng 
044 |a US 
245 1 0 |a Journal of environmental economics and management  |b <the> official journal of the Association of Environmental and Resource Economists 
264 1 |a Orlando  |b Academic Press  |c 1997 
300 |a 3 zv. 
773 0 |w eu_un_cat*s120130 
610 2 0 |a prostredie životné 
610 2 0 |a analýza ekonometrická 
610 2 0 |a analýza ekonomická 
610 2 0 |a manažment